00628nam a22001932 4500001001100000005001700011008004100028020002800069040001500097100003200112245008600144250001300230260002900243300001700272650004900289650003600338700002900374700003100403000000616720151217154358.0070921s xx 000 0 eng d a8129705095 :cKES 2,998 aKABUcKABU1 aKotler, Philip.@000009755910aMarketing for hospitality and tourism /cPhilip Kotler, John Bowen, James Makens. a3rd ed. aDelhi :bPearson,c1996. axvii, 893 p. 0aHospitality industryxMarketing.@0000157560 0aTourismxMarketing.@00001575611 aBowen, John.@00000917731 aMakens, James.@0000157562